Loading...
Veeraputhran
| Main Author: | |
|---|---|
| Format: | Printed Book |
| Language: | English |
| Published: |
Kozhikode:
Mathrubhumi Books,
2012.
|
| Subjects: |
| LEADER | 00498nam a22001577a 4500 | ||
|---|---|---|---|
| 008 | 151006b xxu||||| |||| 00| 0 eng d | ||
| 020 | |a 9788182654204 | ||
| 082 | |a M | ||
| 100 | |a Kunhu Muhammed, PT | ||
| 245 | |a Veeraputhran | ||
| 260 | |a Kozhikode: |b Mathrubhumi Books, |c 2012. | ||
| 300 | |a 136p.: | ||
| 653 | |a Screenplay | ||
| 942 | |c BK | ||
| 999 | |c 150380 |d 150380 | ||
| 952 | |0 0 |1 0 |4 0 |6 M_791_430000000000000_KUN_V |7 0 |9 160726 |a MCJ |b MCJ |c ST1 |d 2015-10-06 |i 3103 |l 0 |o M 791.43 KUN/V |p MCJ3103 |r 2015-10-06 |w 2018-08-08 |y BK | ||